| 000 | 00633nam a22001697a 4500 | ||
|---|---|---|---|
| 999 |
_c6489 _d6489 |
||
| 003 | OSt | ||
| 005 | 20241115114958.0 | ||
| 008 | 130618s2004 sp ||||| |||| 00| 0 cat d | ||
| 040 |
_cCDMR _bcat |
||
| 245 |
_aSalut mental i mitjans de comunicació _b: guia d'estil |
||
| 260 |
_aBarcelona : _bConfederación Española de Agrupaciones de Familiares y Enfermos Mentales, _c2004 |
||
| 300 | _a30 p. | ||
| 500 | _aIncorpora un full sol sobre les pautes que s'ha de seguir i les que no (guia d'estil) | ||
| 650 | 0 | 4 |
_93086 _aPeriodisme _xManuals d'estil |
| 650 | 0 | 4 |
_92757 _aMitjans de comunicació de massa _xAspectes socials |
| 942 |
_2udc _cMON |
||